HTML : (رقم التسجيلة. 635)

تفاصيل مارك
000 -الفاتح
حقل البيانات ثابتة الطول 01154cam a2200301 a 4500
001 - رقم الضبط
رقم الضبط 13131860
003 - محدد رقم الضبط
رقم الضبط OSt
005 - وقت وتاريخ اخر تعامل مع التسجيلة
رقم الضبط 20150408113721.0
008 - عناصر البيانات ثابتة الطول - معلومات عامة
حقل البيانات ثابتة الطول 030321s2003 caua 001 0 eng
010 ## - رقم ضبط مكتبة الكونجرس
رقم ضبط مكتبة الكونجرس 2003267073
020 ## - الرقم الدولى المعيارى للكتب
الرقم الدولى المعيارى للكتاب 0072226447
040 ## - مصدر الفهرسة
وكالة الفهرسة الأصلية DLC
وكالة النسخ DLC
وكالة التعديل DLC
050 00 - رقم طلب مكتبة الكونجرس
رقم التصنيف QA76.76.H94
رقم المادة W587 2003
082 00 - رقم تصنيف ديوى العشرى
رقم التصنيف 005.7/2
رقم الطبعة 21
100 1# - المدخل الرئيسى - إسم شخصى
الإسم الشخصى Willard, Wendy.
9 (RLIN) 4850
245 10 - بيان العنوان
العنوان HTML :
بقية العنوان a beginner's guide /
بيان المسئوليه,etc Wendy Willard.
250 ## - بيان الطبعة
بيان الطبعة 2nd ed.
260 ## - PUBLICATION, DISTRIBUTION, ETC. (IMPRINT)
مكان الناشر او الموزع Berkeley, Calif. :
اسم الناشر او الموزع Osborne/McGraw-Hill,
تاريخ النشر أو التوزيع c2003.
300 ## - الوصف المادى
التعداد xx, 522 p. :
تفاصيل ماديه اخرى للوعاء ill. ;
أبعاد الوعاء 24 cm.
500 ## - تبصرة عامة
تبصرة عامة Includes index.
650 #0 - المدخل الاضافى بالموضوع-مصطلح موضوعى
مصطلح موضوعي أو اسم جغرافي كعنصر مدخل HTML (Document markup language)
9 (RLIN) 3351
856 42 - الوصول و الموقع الالكترونى
مواد محددة Contributor biographical information
معرف المصدر الموحد <a href="http://www.loc.gov/catdir/bios/mh042/2003267073.html">http://www.loc.gov/catdir/bios/mh042/2003267073.html</a>
856 42 - الوصول و الموقع الالكترونى
مواد محددة Publisher description
معرف المصدر الموحد <a href="http://www.loc.gov/catdir/description/mh031/2003267073.html">http://www.loc.gov/catdir/description/mh031/2003267073.html</a>
856 41 - الوصول و الموقع الالكترونى
مواد محددة Table of contents
معرف المصدر الموحد <a href="http://www.loc.gov/catdir/toc/mh031/2003267073.html">http://www.loc.gov/catdir/toc/mh031/2003267073.html</a>
906 ## - عنصر بيانات محلى F, LDF (RLIN)
a 7
b cbc
c origcop
d 2
e ncip
f 20
g y-gencatlg
942 ## - عناصر المدخل الإضافي( كوها)
مصدر التصنيف او مخطط الترفيف Dewey Decimal Classification
Koha [default] item type كتاب
المقتنيات
حالة الفقد نموذج السعر الفعال حالة تلف ليس للاعارة رقم الطلب تاريخ الاكتساب الموقع الحالي الباركود الفرع الرئيسي Date last checked out Date last seen نوع المادة فى نظام كوها مصدر التصنيف او خطة الترفيف Total Checkouts
  2013-03-10     005.72 W W H 2011-09-22 المكتبة المركزية بالمجمعة (CL) 00047738 المكتبة المركزية بالمجمعة (CL) 2021-09-14 2022-02-02 كتاب Dewey Decimal Classification 1
  2013-03-10     005.72 W W H 2011-09-22 المكتبة المركزية بالمجمعة (CL) 00047742 المكتبة المركزية بالمجمعة (CL)   2013-03-10 كتاب Dewey Decimal Classification  
  2013-03-10     005.72 W W H 2011-09-22 المكتبة المركزية بالمجمعة (CL) 00047741 المكتبة المركزية بالمجمعة (CL)   2013-03-10 كتاب Dewey Decimal Classification